[Event "CZE-ch 2020"]
[Site "Pilsen"]
[Date "2020.08.30"]
[Round "8.7"]
[White "Hurdzan, Tomas"]
[Black "Havelka, Josef"]
[Result "0-1"]
[WhiteElo "2325"]
[BlackElo "2367"]
[Annotator "TA"]
[PlyCount "126"]
[EventDate "2020.08.23"]
[EventType "swiss"]
[EventCountry "CZE"]
[SourceTitle "playchess.com"]
[Source "ChessBase"]
[SourceQuality "1"]

{[%evp 24,126,61,66,42,44,34,33,66,60,65,65,65,61,68,66,77,45,88,84,98,77,63,47,67,45,273,46,55,46,46,46,46,46,46,46,46,46,46,46,47,-435,-357,-451,-407,-385,-347,-341,0,-318,-297,-466,-467,-503,-496,-482,-499,-547,-541,-562,-532,-529,-519,-503,-496,-494,-495,-455,-477,-475,-478,-527,-523,-532,-494,-492,-477,-477,-477,-477,-477,-477,-477,-452,-343,-473,-465,-460,-268,-452,-469,-441,-357,-349,-349,-473,-473,-12841,-3291,-29989,-12845,-29990,-29991,-29991,-12847]} 1. e4 c5 2. Nf3 Nc6 3. d4 cxd4 4. Nxd4 Nf6 5. Nc3 d6 6. Bg5 e6 7. Qd2 a6 8. O-O-O Bd7 9. f4 b5 10. Bxf6 gxf6 11. Kb1 Qb6 12. Nxc6 Bxc6 13. f5 O-O-O {B67: Sicilian: Richter-Rauzer: 7...a6 8 0-0-0 Bd7, lines without 9 f4 Be7.} 14. fxe6 fxe6 15. Bd3 {was the old line (15.a3).} h5 {White is slightly better.} 16. Rhf1 Bh6 17. Qe1 $1 Rhf8 18. Qh4 Qc5 19. Ne2 {[#]} Kb8 $146 ({Predecessor:} 19... Qe5 20. Nf4 Bg5 21. Qf2 Bxf4 22. Qxf4 Qxf4 23. Rxf4 Kd7 24. Be2 Ke7 25. g3 Rh8 {½-½ (38) Savicevic,V (2325)-Nevednichy,V (2528) Mataruska Banja 2007}) 20. c3 Bb7 21. Nd4 $1 {[%cal Rd4e6]} Bc8 22. Bc2 ({Avoid the trap} 22. Rxf6 $2 Bg5 $19) 22... Bg5 23. Qxh5 Rh8 24. Qf3 {Black must now prevent e5!} Rxh2 $2 {[#]} (24... e5 $1 $14) 25. Bb3 $2 (25. e5 $1 $18 {[%mdl 512]} Bd7 (25... Qxe5 26. Nc6+) 26. exf6) 25... Re8 $14 26. Qg3 Rh4 {[#]} 27. Nxe6 $1 {[%mdl 512]} Bxe6 28. Rxd6 {[%mdl 64] [#] Threatening mate with Rd8+. Double Attack} Rf4 $1 {[%mdl 512]} 29. Rxe6 (29. Rxf4 Qxd6) 29... Rxe6 30. Bxe6 Qe3 $1 {[%cal Re3g3]} 31. Rf3 (31. Qxe3 $2 {too greedy.} Rxf1+ 32. Kc2 Bxe3 $19) 31... Qxe4+ 32. Rd3 $2 {[%mdl 8192]} (32. Ka1 $14) 32... Qxe6 33. a3 Kc8 34. Rd1 Qf5+ 35. Ka2 Qe6+ $2 (35... Kb7 $19 {aiming for ...Re4.} 36. Ka1 Re4) 36. Ka1 $2 {[%mdl 8192]} (36. Kb1 $1 $11 Qe2 37. Re1) 36... Re4 $19 37. Qf2 (37. Qd3 {was worth a try.} Kb7 38. g3) 37... Kb7 38. Rh1 Be3 39. Qf3 f5 40. Rh5 Bf4 41. Rh7+ Bc7 42. Rh1 Kc8 43. Rh8+ Bd8 {( -> ...Re1+)} 44. Qd1 Qd7 45. Qf1 Qd5 46. Rf8 Re5 47. Rh8 Kb7 48. Rh7+ Be7 49. Rh1 Kb6 50. Rh6+ Bd6 51. Qf2+ Kc6 52. Rh1 Bc5 53. Qg3 Qe6 54. Qf3+ Kb6 55. Qg3 a5 (55... Bd6 $142 56. Rd1 Be7) 56. Rd1 $2 (56. Rh6 Qxh6 57. Qxe5) 56... a4 57. Qh4 Qe7 58. Qg3 Ka5 59. Ka2 Re2 60. Rd5 (60. Qd3 $142) 60... Bxa3 61. c4 Rxb2+ 62. Ka1 Rb3 63. Qf2 Bb2+ {Accuracy: White = 54%, Black = 80%.} (63... Qg7+ $142 64. Rd4 Bb2+ 65. Ka2 Qxd4 66. Qxd4 Bxd4 67. g4 bxc4 68. g5 c3 69. Ka1 c2+ 70. Ka2 c1=N#) 0-1

[Event "CZE-ch 2020"]
[Site "Pilsen"]
[Date "2020.08.30"]
[Round "8.8"]
[White "Brejnik, Gustav"]
[Black "Finek, Vaclav"]
[Result "1/2-1/2"]
[WhiteElo "2265"]
[BlackElo "2344"]
[Annotator "TA"]
[PlyCount "112"]
[EventDate "2020.08.23"]
[EventType "swiss"]
[EventCountry "CZE"]
[SourceTitle "playchess.com"]
[Source "ChessBase"]
[SourceQuality "1"]

{[%evp 19,112,41,63,58,54,54,54,45,59,54,88,86,73,73,108,119,122,112,183,212,220,196,220,219,279,212,204,118,83,52,45,0,43,54,83,44,73,21,60,60,39,32,46,53,48,18,18,19,24,0,12,0,0,0,0,0,25,21,106,28,30,33,50,25,83,55,70,25,25,32,37,12,7,8,10,0,0,0,6,0,0,0,8,7,11,0,0,0,14,0,0,0,0,0,16]} 1. d4 Nf6 2. Nf3 g6 3. g3 Bg7 4. Bg2 O-O 5. O-O d5 6. c4 dxc4 7. Na3 Nc6 8. Nxc4 Be6 9. b3 a5 10. Bb2 a4 11. Ng5 $1 {D77: Fianchetto Grünfeld: 6 0-0: Replies other than 6...c6.} Bd5 12. e4 Bxc4 $1 13. bxc4 {Hoping for e5.White is slightly better.} a3 14. Bc3 {Threatens to win with e5.} h6 15. Nh3 Nd7 16. Rc1 Nb6 {[%cal Rg7d4] [#]} 17. d5 $1 $36 {[%cal Rd5c6][%mdl 2048] Keeping Black busy.} Ne5 18. f4 Ned7 (18... Nexc4 $16 19. Bxg7 Kxg7) 19. Bxg7 $18 Kxg7 {[#]} 20. Qd4+ $146 ({Predecessor:} 20. Rf3 f6 21. c5 Na4 22. c6 bxc6 23. Rxc6 Nb8 24. Rc1 Qd6 25. e5 Qb6+ 26. Nf2 fxe5 27. fxe5 {1-0 (32) Janoschka,A (2278)-Seger,R (2405) Frankfurt 2000}) 20... Kg8 21. c5 Nc8 22. f5 {[#] Black must now prevent fxg6.} g5 23. c6 ({Better is} 23. Qd1 $18) 23... bxc6 $16 24. Rxc6 f6 $1 25. Rfc1 Ra7 26. Nf2 Ne5 27. R6c3 Qd6 28. Nd3 ({White should play} 28. Qd1 $16) 28... Nxd3 $11 29. Qxd3 Qb6+ 30. Kh1 Nd6 31. Rb1 (31. Qd1 {is more complex.} Nf7 32. Rb3 Qa5 33. h3 Ne5 34. Rcc3) 31... Qa6 32. Qxa6 (32. Qf3 {seems wilder.} Rb7 33. Rbc1 Nf7 34. Rxa3 Qd6 35. Rb3) 32... Rxa6 33. Rxc7 Re8 34. Rb4 Kf8 35. Bf1 Raa8 36. Bd3 Rab8 37. Ra4 Rb2 38. Rxa3 Nf7 (38... Reb8 $11) 39. Rc2 ({White should try} 39. Bc2 $16) 39... Reb8 $1 40. Rac3 Ne5 41. Bf1 (41. Be2 {keeps more tension.} Rxc2 42. Rxc2 Rb4 43. a3 Rxe4 44. Ra2) 41... g4 (41... R2b4 $11) 42. Be2 {a4 is the strong threat.} R8b4 43. Kg2 (43. a3 {looks sharper.} Rxc2 44. Rxc2 Rxe4 45. Ra2 Ra4 46. Kg2) 43... Rxc2 $1 44. Rxc2 Rxe4 {[%mdl 4096] Endgame KRB-KRN} 45. Bb5 {White wants to play a4.} Re3 {The position is equal.} 46. a4 {Strongly threatening a5.} Ra3 47. h3 h5 48. hxg4 hxg4 49. Kf2 Rf3+ 50. Kg2 {And now Rc8+ would win.} Ra3 $1 51. Rc8+ Kg7 52. Ra8 Ra2+ 53. Kf1 Ra3 54. Kf2 Ra2+ 55. Be2 Nc4 $1 56. Ra7 Kf8 {Black escapes into a draw. Accuracy: White = 69%, Black = 79%.} 1/2-1/2

[Event "CZE-ch 2020"]
[Site "Pilsen"]
[Date "2020.08.30"]
[Round "8.9"]
[White "Sorm, Daniel"]
[Black "Rabatin, Jakub"]
[Result "1-0"]
[WhiteElo "2343"]
[BlackElo "2291"]
[Annotator "TA"]
[PlyCount "108"]
[EventDate "2020.08.23"]
[EventType "swiss"]
[EventCountry "CZE"]
[SourceTitle "playchess.com"]
[Source "ChessBase"]
[SourceQuality "1"]

{[%evp 20,108,26,18,23,18,20,13,8,3,8,17,33,0,0,-20,15,0,14,0,2,0,0,-36,-5,-2,64,60,70,60,93,89,104,70,105,106,110,70,70,72,68,66,125,84,82,72,64,56,72,67,52,75,208,218,190,181,361,193,200,202,672,356,443,449,1022,1021,919,326,503,0,904,874,1373,1320,1361,0,1189,1047,1111,928,6323,6295,5681,5293,2250,0,414,0,1964,1648,29998]} 1. d4 Nf6 2. c4 g6 3. Nc3 Bg7 4. e4 d6 5. h3 O-O 6. Bg5 c5 7. d5 e6 8. Bd3 exd5 9. cxd5 Re8 10. Nf3 c4 11. Bc2 b5 {[%cal Bb7b5,Bb5b4,Bb4b3][%mdl 32] A65: Modern Benoni: 6 e4.} 12. O-O a6 13. Qd2 Nbd7 {The position is equal.} 14. Rfe1 Bb7 15. Qf4 {[#]} Ne5 $146 ({Predecessor:} 15... Qc7 16. Rac1 Rac8 17. g4 h5 18. Kg2 b4 19. Nd1 a5 20. Ne3 Ba6 21. Bh6 Bh8 {0-1 (36) Andersson,H (2172)-Kolek,P (2236) ICCF email 2014}) 16. Nh2 b4 17. Ne2 b3 18. Bb1 $1 Qa5 19. Nc3 Nfd7 20. Qg3 Nc5 21. Bd2 Qc7 22. Ng4 h5 (22... bxa2 $11 23. Rxa2 Ned3 24. Bxd3 Nxd3) 23. Nxe5 $1 $14 Bxe5 24. Bf4 $1 Rac8 25. axb3 Nxb3 26. Ra3 Qb6 27. Bxe5 dxe5 28. Bc2 Nd4 29. Ba4 Re7 30. Ra2 Qb4 ({Better is} 30... Kh7 $14) 31. Kh2 Qd6 32. Raa1 Rd8 33. Rad1 Qf6 34. h4 Bc8 35. Rf1 Qb6 {[#] Black is now going downhill.} (35... Bd7 $16) 36. f4 $1 $18 Bg4 37. Rd2 f6 $2 (37... Qf6 {was necessary.} 38. Rff2 exf4 39. Rxf4 Qg7) 38. Rdf2 (38. fxe5 $142 fxe5 39. Rdf2) 38... exf4 39. Qxf4 Rd6 $2 (39... Rf7 40. e5 Bf5) 40. Qh6 Qb8 41. e5 Rxe5 (41... Nf5 $142 42. Rxf5 Bxf5) 42. Qxg6+ Kh8 43. Qh6+ Kg8 44. Qg6+ (44. Rxf6 $142 Rxf6 45. Rxf6 Rf5+ 46. d6 Rxf6 47. Qxf6) 44... Kh8 45. Rxf6 Rf5 46. Qh6+ Kg8 47. Qg6+ $40 {[%mdl 128] Black needs to defend precisely.} Kh8 {( -> ...Rdxf6+)} 48. Rxd6 Rxf1 49. Ne4 {Hoping for Qh6+.} Nf5 50. Qf6+ Kg8 51. Qe6+ Kf8 {[#]} 52. Qf6+ (52. Qe5 $142 $1 {[%mdl 512] Threatening mate with Qh8+.} Nxd6 53. Qh8+ Ke7 54. Qxb8 Nxe4 55. Qe5+ Kf7 56. Qxe4) 52... Kg8 53. Qe6+ (53. Qd8+ $142 Qxd8 54. Rxd8+ Kg7 55. d6 Nxh4 56. d7 Bxd7 57. Rxd7+ Kf8 58. Bd1) 53... Kf8 $1 {[#] White must now prevent ...Rh1+.} 54. Qe5 $1 {[%mdl 512] White wants to mate with Qh8+.} Qa7 {Accuracy: White = 66%, Black = 52%.} 1-0

[Event "CZE-ch 2020"]
[Site "Pilsen"]
[Date "2020.08.30"]
[Round "8.10"]
[White "Orsag, Milan"]
[Black "Cerveny, Petr"]
[Result "1-0"]
[WhiteElo "2300"]
[BlackElo "2340"]
[Annotator "ChessBase"]
[PlyCount "49"]
[EventDate "2020.08.23"]
[EventType "swiss"]
[EventCountry "CZE"]
[SourceTitle "playchess.com"]
[Source "ChessBase"]
[SourceQuality "1"]
[TimeControl "40/5400+30:1800+30"]

1. d4 {[%emt 0:00:00]} d5 {[%emt 0:00:00]} 2. Nf3 {[%emt 0:00:05]} Nf6 {[%emt 0:00:00]} 3. c4 {[%emt 0:00:33]} c6 {[%emt 0:00:00]} 4. Nc3 {[%emt 0:00:51]} a6 {[%emt 0:00:00]} 5. cxd5 {[%emt 0:01:44]} cxd5 {[%emt 0:00:00]} 6. Bf4 {[%emt 0:00:11]} Nc6 {[%emt 0:00:00]} 7. Rc1 {[%emt 0:00:46]} Bf5 {[%emt 0:00:11]} 8. e3 {[%emt 0:00:17]} Rc8 {[%emt 0:00:08]} 9. Be2 {[%emt 0:04:59]} e6 {[%emt 0:00:07]} 10. O-O {[%emt 0:05:13]} Bd6 {[%emt 0:00:31]} 11. Bxd6 {[%emt 0:04:49]} Qxd6 {[%emt 0:00:03]} 12. Qb3 {[%emt 0:00:32]} Rc7 {[%emt 0:01:48]} 13. Na4 {[%emt 0:06:43]} Nd7 {[%emt 0:00:21]} 14. Nc5 {[%emt 0:02:13]} Nxc5 {[%emt 0:01:25]} 15. Rxc5 {[%emt 0:00:46]} O-O {[%emt 0:00:19]} 16. Rfc1 {[%emt 0:00:20]} Bg4 {[%emt 0:00:26]} 17. Qb6 {[%emt 0:02:43]} f5 {[%emt 0:05:33]} 18. Bxa6 {[%emt 0:09:33]} Bxf3 {[%emt 0:02:39]} 19. Bxb7 {[%emt 0:00:49]} Qe7 {[%emt 0:34:12]} 20. Bxc6 {[%emt 0:09:35]} f4 {[%emt 0:35:33]} 21. Bxd5 {[%emt 0:23:28]} Bxd5 {[%emt 0:14:24]} 22. Qxc7 {[%emt 0:00:30]} Qh4 {[%emt 0:00:44]} 23. Qe5 {[%emt 0:05:34]} Bxg2 {[%emt 0:02:25]} 24. Qxe6+ {[%emt 0:00:49]} Kh8 {[%emt 0:00:04]} 25. Rc8 {[%emt 0:00:12]} 1-0

[Event "CZE-ch 2020"]
[Site "Pilsen"]
[Date "2020.08.30"]
[Round "8.11"]
[White "Mladek, Richard"]
[Black "Nemec, Pavel"]
[Result "1-0"]
[WhiteElo "2280"]
[BlackElo "2243"]
[Annotator "ChessBase"]
[PlyCount "46"]
[EventDate "2020.08.23"]
[EventType "swiss"]
[EventCountry "CZE"]
[SourceTitle "playchess.com"]
[Source "ChessBase"]
[SourceQuality "1"]
[TimeControl "40/5400+30:1800+30"]

1. e4 {[%emt 0:00:00]} c5 {[%emt 0:00:00]} 2. Nf3 {[%emt 0:00:00]} d6 {[%emt 0:00:00]} 3. d4 {[%emt 0:00:00]} cxd4 {[%emt 0:00:00]} 4. Nxd4 {[%emt 0:00:00]} Nf6 {[%emt 0:00:00]} 5. Nc3 {[%emt 0:00:00]} a6 {[%emt 0:00:05]} 6. Bd3 {[%emt 0:00:00]} e5 {[%emt 0:01:17]} 7. Nde2 {[%emt 0:00:00]} Be6 {[%emt 0:01:32]} 8. O-O {[%emt 0:01:01]} Nbd7 {[%emt 0:01:55]} 9. f4 {[%emt 0:06:28]} Qb6+ {[%emt 0:04:26]} 10. Kh1 {[%emt 0:00:16]} Rc8 {[%emt 0:00:13]} 11. b3 {[%emt 0:03:11]} exf4 {[%emt 0:03:55]} 12. Na4 {[%emt 0:04:21]} Qc6 {[%emt 0:04:23]} 13. Nd4 {[%emt 0:02:39]} Qc7 {[%emt 0:00:01]} 14. c4 {[%emt 0:05:01]} g5 {[%emt 0:01:23]} 15. Nc3 {[%emt 0:03:53]} Bg7 {[%emt 0:02:11]} 16. g3 {[%emt 0:01:26]} fxg3 {[%emt 0:07:10]} 17. Bxg5 {[%emt 0:00:52]} Bh3 {[%emt 0:02:59]} 18. hxg3 {[%emt 0:08:46]} Bxf1 {[%emt 0:12:46]} 19. Qxf1 {[%emt 0:00:03]} Qa5 {[%emt 0:00:44]} 20. Nd5 {[%emt 0:12:22]} Nxd5 {[%emt 0:00:52]} 21. Nf5 {[%emt 0:00:07]} Bf6 {[%emt 0:17:14]} 22. Nxd6+ {[%emt 0:05:09]} Kd8 {[%emt 0:01:09]} 23. Nxb7+ {[%emt 0:02:20]} Ke7 1-0

[Event "CZE-ch 2020"]
[Site "Pilsen"]
[Date "2020.08.30"]
[Round "8.12"]
[White "Mica, Marek"]
[Black "Gloser, David"]
[Result "1-0"]
[WhiteElo "2315"]
[BlackElo "2248"]
[Annotator "TA"]
[PlyCount "157"]
[EventDate "2020.08.23"]
[EventType "swiss"]
[EventCountry "CZE"]
[SourceTitle "playchess.com"]
[Source "ChessBase"]
[SourceQuality "1"]

{[%evp 19,157,0,33,22,23,19,36,39,23,29,61,58,75,58,134,132,110,74,91,-37,-21,-66,-59,-83,-90,-81,-6,-18,0,0,43,52,46,39,55,61,67,27,61,77,72,51,84,80,145,141,131,50,50,49,129,110,184,200,245,222,245,245,241,245,245,245,245,229,238,237,233,225,330,322,344,314,306,306,319,296,412,416,419,418,407,408,408,408,432,429,797,775,806,764,782,733,703,0,0,0,672,656,680,650,1226,1192,1376,902,1176,1013,1014,779,5377,1104,1400,1398,1281,1225,1165,1022,1364,941,1504,736,631,499,481,474,475,425,471,465,12844,12844,12845,12841,12842,12842,12847,12847,12848,12848,12849,12849]} 1. Nf3 Nf6 2. c4 e6 3. Nc3 d5 4. d4 Be7 5. Bg5 O-O 6. cxd5 exd5 7. e3 c6 8. Qc2 Nbd7 9. Bd3 Re8 10. h3 a5 11. Bf4 {D36: Queen's Gambit Declined: Exchange Variation: Main line (5 Bg5 c6 6 Qc2).} Nf8 12. Bh2 Ng6 13. Ne5 {White is slightly better.} Bd6 {[%cal Rg6e5]} 14. f4 {[#]} Ne4 $146 ({Predecessor:} 14... Bb4 15. O-O Ne7 16. f5 c5 17. Bb5 Rf8 18. Na4 c4 19. Ng4 Nc6 20. Nxf6+ Qxf6 {1-0 (66) Delchev,A (2560)-Moor,O (2377) Zuerich 2002}) 15. Nxe4 dxe4 16. Bxe4 Qe7 ({Black should play} 16... Qh4+ $14 17. Kf1 a4) 17. O-O $16 f6 18. Nc4 $1 (18. Bxg6 $6 hxg6 19. Qxg6 fxe5 $11) 18... Bc7 19. Bf3 (19. Bd3 $1 $16) 19... Nh4 $1 $15 20. Rae1 Bf5 21. Qc3 Nxf3+ 22. Rxf3 Be4 (22... a4 $17) 23. Rff1 $11 Qb4 24. Nd2 $36 {[%mdl 2048] White has some pressure.} f5 25. Nxe4 Rxe4 26. Bg3 Rd8 27. Bf2 Rd5 28. a3 Qd6 29. Qb3 b5 30. Rc1 {Strongly threatening Rc3.} g5 31. g3 Kg7 (31... gxf4 $142 32. gxf4 a4) 32. Qc2 $16 Re6 33. h4 (33. fxg5 $16 Kg8 34. Rfe1) 33... g4 $14 34. Rfd1 Kf7 ({Better is} 34... Bb6 $14) 35. Rd3 $1 $16 Ke7 (35... b4 $16 {was necessary.}) 36. Rc3 $18 Kd7 37. Qb3 $1 a4 38. Qa2 Ba5 39. Rxc6 Qxc6 40. Rxc6 Kxc6 41. Kf1 Kd6 {and the idea ...Bd2 leaves Black hopeful.} 42. b3 axb3 43. Qxb3 Re7 (43... h6 $142 44. Kg1 h5) 44. a4 bxa4 45. Qa3+ ({But not} 45. Qxa4 Rd7 $18) 45... Kd7 46. Qxa4+ Kd6 47. Qc4 Rb7 48. Qa6+ Kc7 49. Qe6 Rbb5 50. e4 fxe4 51. Qxg4 Rb1+ 52. Kg2 Rdb5 (52... h5 $142 53. Qe2 Rbb5 54. Qxe4 Kd7 55. Qh7+ Kd6) 53. Qg7+ {[%mdl 64] Double Attack} Kd6 54. Qf6+ Kd7 55. Qf7+ Kd6 56. Kh3 Rh1+ 57. Kg2 Rhb1 {White now steadily converts the win.} 58. Be3 {White is clearly winning.} h5 59. Qg6+ Ke7 {intending ...R5b2+.} 60. Qxe4+ Kf7 61. Qh7+ Kf6 62. Qh6+ Kf7 63. Kf3 Rf5 {[#]} 64. g4 (64. d5 $142 $1 Bb6 (64... Rxd5 65. Qh7+) 65. Bxb6 Rf1+ 66. Ke4) 64... hxg4+ 65. Kxg4 Rbb5 66. Qh7+ Kf6 67. Qh8+ Kf7 68. Qc8 Kf6 69. Bc1 (69. Qf8+ $142 Kg6 70. Qe8+ Kh7 71. Qe7+ Kh6 {[#]} 72. h5 $1 {[%mdl 512]}) 69... Bb4 70. Qa6+ Kf7 71. Ba3 Bxa3 72. Qxa3 {[%mdl 4096] Endgame KQ-KRR} Rfd5 73. Qa7+ Kg6 (73... Kf8 $142 74. Qa8+ Kg7) 74. Qe7 Ra5 75. Qe6+ Kg7 76. f5 Rxd4+ 77. Kg5 {White threatens Qf6+ and mate.} Rdd5 78. Qe7+ Kg8 79. Kg6 {Accuracy: White = 72%, Black = 50%.} 1-0

[Event "CZE-ch 2020"]
[Site "Pilsen"]
[Date "2020.08.30"]
[Round "8.13"]
[White "Novotny, Michal"]
[Black "Riha, Vojtech"]
[Result "0-1"]
[WhiteElo "2246"]
[BlackElo "2270"]
[Annotator "ChessBase"]
[PlyCount "81"]
[EventDate "2020.08.23"]
[EventType "swiss"]
[EventCountry "CZE"]
[SourceTitle "playchess.com"]
[Source "ChessBase"]
[SourceQuality "1"]
[TimeControl "40/5400+30:1800+30"]

1. d4 {[%emt 0:00:00]} Nf6 {[%emt 0:00:00]} 2. Nc3 {[%emt 0:00:00]} d5 {[%emt 0:00:27]} 3. Bf4 {[%emt 0:00:00]} e6 {[%emt 0:04:10]} 4. e3 {[%emt 0:03:50]} a6 {[%emt 0:00:45]} 5. g4 {[%emt 0:00:14]} c5 {[%emt 0:03:31]} 6. g5 {[%emt 0:00:42]} Nfd7 {[%emt 0:02:24]} 7. h4 {[%emt 0:01:45]} Nc6 {[%emt 0:02:18]} 8. Qd2 {[%emt 0:01:41]} b5 {[%emt 0:05:51]} 9. Nf3 {[%emt 0:07:09]} Nb6 {[%emt 0:10:49]} 10. h5 {[%emt 0:25:18]} Bd7 {[%emt 0:09:08]} 11. h6 {[%emt 0:06:32]} g6 {[%emt 0:04:11]} 12. Ne5 {[%emt 0:00:09]} Nxe5 {[%emt 0:07:40]} 13. Bxe5 {[%emt 0:00:16]} Rg8 {[%emt 0:00:06]} 14. Bf6 {[%emt 0:11:29]} Qc7 {[%emt 0:03:44]} 15. dxc5 {[%emt 0:13:55]} Bxc5 {[%emt 0:02:13]} 16. a3 {[%emt 0:03:01]} Rc8 {[%emt 0:04:48]} 17. Rh4 {[%emt 0:00:49]} Bc6 {[%emt 0:03:11]} 18. O-O-O {[%emt 0:05:20]} Nd7 {[%emt 0:02:53]} 19. Bd4 {[%emt 0:01:15]} Be7 {[%emt 0:01:03]} 20. f4 {[%emt 0:07:01]} b4 {[%emt 0:14:46]} 21. axb4 {[%emt 0:01:08]} Bxb4 {[%emt 0:00:07]} 22. Qf2 {[%emt 0:05:20]} Qa5 {[%emt 0:03:33]} 23. Kd2 {[%emt 0:00:10]} Nc5 {[%emt 0:02:46]} 24. Bd3 {[%emt 0:00:43]} Bb5 {[%emt 0:01:28]} 25. Bxc5 {[%emt 0:00:01]} Bxc3+ {[%emt 0:01:11]} 26. bxc3 {[%emt 0:00:21]} Rxc5 {[%emt 0:00:06]} 27. Ke2 {[%emt 0:02:26]} Qxc3 {[%emt 0:00:25]} 28. Kf3 {[%emt 0:00:00]} Ke7 {[%emt 0:01:23]} 29. Rhh1 {[%emt 0:00:49]} Rgc8 {[%emt 0:01:55]} 30. Rd2 {[%emt 0:02:09]} a5 {[%emt 0:03:37]} 31. Rb1 {[%emt 0:00:16]} Bc6 {[%emt 0:02:51]} 32. Rb3 {[%emt 0:00:02]} Qa1 {[%emt 0:00:42]} 33. Rb6 {[%emt 0:01:46]} a4 {[%emt 0:00:48]} 34. Kg3 {[%emt 0:00:01]} a3 {[%emt 0:00:36]} 35. Ra6 {[%emt 0:00:53]} Ra8 {[%emt 0:01:00]} 36. e4 {[%emt 0:00:29]} d4 {[%emt 0:00:24]} 37. f5 {[%emt 0:00:54]} Rxa6 {[%emt 0:01:02]} 38. Bxa6 {[%emt 0:00:14]} a2 {[%emt 0:00:19]} 39. f6+ {[%emt 0:00:46]} Ke8 {[%emt 0:00:24]} 40. Qf4 {[%emt 0:00:18]} Qg1+ {[%emt 0:00:40]} 41. Rg2 {[%emt 0:30:23]} 0-1

[Event "CZE-ch 2020"]
[Site "Pilsen"]
[Date "2020.08.30"]
[Round "8.14"]
[White "Serrano Salvador, Eduardo"]
[Black "Gnojek, Petr"]
[Result "1-0"]
[WhiteElo "2299"]
[BlackElo "2225"]
[Annotator "ChessBase"]
[PlyCount "67"]
[EventDate "2020.08.23"]
[EventType "swiss"]
[EventCountry "CZE"]
[SourceTitle "playchess.com"]
[Source "ChessBase"]
[SourceQuality "1"]
[TimeControl "40/5400+30:1800+30"]

1. d4 {[%emt 0:02:21]} g6 {[%emt 0:00:00]} 2. Nf3 {[%emt 0:00:16]} Bg7 {[%emt 0:00:00]} 3. g3 {[%emt 0:00:16]} d6 {[%emt 0:00:03]} 4. Bg2 {[%emt 0:00:15]} Nd7 {[%emt 0:00:13]} 5. O-O {[%emt 0:00:15]} e5 {[%emt 0:00:08]} 6. c4 {[%emt 0:01:30]} Ne7 {[%emt 0:00:16]} 7. Nc3 {[%emt 0:02:04]} O-O {[%emt 0:00:29]} 8. d5 {[%emt 0:06:41]} h6 {[%emt 0:10:53]} 9. e4 {[%emt 0:02:04]} f5 {[%emt 0:01:00]} 10. exf5 {[%emt 0:00:13]} gxf5 {[%emt 0:00:46]} 11. Ne1 {[%emt 0:01:17]} Ng6 {[%emt 0:08:20]} 12. Qh5 {[%emt 0:07:12]} Kh7 {[%emt 0:22:58]} 13. Nf3 {[%emt 0:00:31]} f4 {[%emt 0:00:12]} 14. Ne4 {[%emt 0:04:33]} Bf6 {[%emt 0:01:29]} 15. Bh3 {[%emt 0:02:34]} Nc5 {[%emt 0:04:01]} 16. Bxc8 {[%emt 0:03:29]} Rxc8 {[%emt 0:00:05]} 17. Nxc5 {[%emt 0:01:11]} dxc5 {[%emt 0:00:04]} 18. Re1 {[%emt 0:00:26]} Qd7 {[%emt 0:06:12]} 19. Bd2 {[%emt 0:07:52]} Rce8 {[%emt 0:04:29]} 20. Re4 {[%emt 0:01:06]} c6 {[%emt 0:02:30]} 21. dxc6 {[%emt 0:00:49]} Qxc6 {[%emt 0:00:04]} 22. Rae1 {[%emt 0:00:47]} Bg7 {[%emt 0:01:25]} 23. g4 {[%emt 0:05:42]} Re7 {[%emt 0:05:51]} 24. Bc3 {[%emt 0:01:51]} Rfe8 {[%emt 0:02:00]} 25. g5 {[%emt 0:11:54]} b6 {[%emt 0:01:21]} 26. gxh6 {[%emt 0:01:09]} Bxh6 {[%emt 0:00:06]} 27. Bxe5 {[%emt 0:07:37]} Nxe5 {[%emt 0:00:34]} 28. Rxe5 {[%emt 0:00:30]} Rg8+ {[%emt 0:04:24]} 29. Kf1 {[%emt 0:00:28]} Rxe5 {[%emt 0:00:37]} 30. Rxe5 {[%emt 0:00:17]} Qf6 {[%emt 0:09:03]} 31. h4 {[%emt 0:06:24]} Kg7 {[%emt 0:10:18]} 32. Ng5 {[%emt 0:04:00]} Rh8 {[%emt 0:00:28]} 33. Qg4 {[%emt 0:03:40]} Qxe5 {[%emt 0:04:07]} 34. Qd7+ {[%emt 0:00:11]} 1-0